El Marqués de Santa Marta (Record no. 167206)

MARC details
000 -LEADER
campo de control de longitud fija 00916nam a22002295i 4500
001 - NÚMERO DE CONTROL
campo de control 167206
003 - IDENTIFICADOR DE NÚMERO DE CONTROL
campo de control ES-MaACL
005 - FECHA Y HORA DE LA ÚLTIMA TRANSACCIÓN
campo de control 20251126140718.0
008 - DATOS DE LONGITUD FIJA--INFORMACIÓN GENERAL
campo de control de longitud fija 971230s1894 sp a |||| | spa d
040 ## - FUENTE DE CATALOGACIÓN
Centro catalogador/agencia de origen NA
Lengua de catalogación spa
Centro/agencia transcriptor NA
100 1# - ENTRADA PRINCIPAL--NOMBRE DE PERSONA
Nombre de persona Vera y González, Enrique.
9 (RLIN) 133625
245 13 - MENCIÓN DEL TÍTULO
Título El Marqués de Santa Marta
Resto del título : estudio biográfico /
Mención de responsabilidad, etc. por Enrique Vera y González.
260 ## - PUBLICACIÓN, DISTRIBUCIÓN, ETC.
Lugar de publicación, distribución, etc. Madrid :
Nombre del editor, distribuidor, etc. [s. n. ],
Fecha de publicación, distribución, etc. 1894 (
Fabricante Imprenta de Dionisio de los Ríos)
300 ## - DESCRIPCIÓN FÍSICA
Extensión 2 v. (629, [1] h. de fot. ; 747 p.) ;
Dimensiones 25 cm.
599 #1 - NOTA A LAS ILUSTRACIONES
NOTA A LAS ILUSTRACIONES La h. de fot. es retrato de D. Enrique Pérez de Guzmán.
600 17 - PUNTO DE ACCESO ADICIONAL DE MATERIA--NOMBRE DE PERSONA
Nombre de persona Santa Marta, Enrique Pérez de Guzmán el Bueno,
Títulos y otros términos asociados al nombre Marqués de,
Fechas asociadas al nombre 1826-1902
Fuente del encabezamiento o término
9 (RLIN) 131484
700 11 - ENTRADA AGREGADA--NOMBRE PERSONAL
Nombre de persona Ríos, Dionisio de los
Término indicativo de función/relación
9 (RLIN) 132233
752 ## - ENTRADA AGREGADA--NOMBRE JERÁRQUICO DEL LUGAR
País o entidad superior España -
Ciudad Madrid
852 ## - LOCALIZACIÓN
Ubicación ES-MaACL
Número de control de estantería F-10427-10428
Nota libre -- Rúst.
852 ## - LOCALIZACIÓN
Ubicación ES-MaACL
Número de control de estantería G-10179-10180
Nota libre -- Enc. hol.
Holdings
Estatus retirado Estado de pérdida Estado de daño No para préstamo Colección Biblioteca de origen Biblioteca actual Ubicación en estantería Fecha de adquisición Fuente de adquisición Total de préstamos Signatura topográfica completa Código de barras Visto por última vez Precio de reemplazo Tipo de ítem Koha
        Libros del s. XIX Biblioteca del Ateneo de Madrid Biblioteca del Ateneo de Madrid Sala Pecera Planta 3 17/01/2008     G-10179-10180 1175400 23/02/2023 23/02/2023 Libro impreso antiguo
        Libros del s. XIX Biblioteca del Ateneo de Madrid Biblioteca del Ateneo de Madrid Sala Pecera Planta 2 17/01/2008     F-10427-10428 1175399 23/02/2023 23/02/2023 Libro impreso antiguo